000
00291nam a22001337a 4500
003
SGT
082
_a
SON 547
100
_a
RATNANI,SONIA
245
_a
EXPERIMENTAL ORGANIC CHEMISTRY
260
_a
NEW DELHI
_b
PHI
_c
2012
300
_a
375
650
_a
ORGANIC CHEMISTRY
942
_2
ddc
_c
FPS
_0
3
999
_c
10082
_d
10082